[Event "It (open) \"]
[Site "masterchessopen.com – Berlin (Germany)"]
[Date "2004.08.16"]
[Round "3"]
[White "Dimitrijeski Kristian (GER)"]
[Black "Heinig Wolfram Dr (GER)"]
[Result "0-1"]
[WhiteElo "2110"]
[BlackElo "2286"]

1.d4 Nf6 2.c4 d6 3.Nc3 Nbd7 4.e4 e5 5.Nf3 g6 6.Be2 Bg7 7.O-O O-O 8.Re1 c6
9.Bf1 exd4 10.Nxd4 Ng4 11.Qxg4 Bxd4 12.Qd1 Qf6 13.Be3 Bxe3 14.Rxe3 Ne5 15.Qd2
Be6 16.b3 Rad8 17.Rg3 Qh4 18.f4 Ng4 19.Rh3 Qe7 20.Be2 d5 21.Bxg4 Bxg4 22.Rd3
dxe4 23.Nxe4 Rxd3 24.Qxd3 Rd8 25.Qe3 f5 26.h3 Bxh3 27.gxh3 fxe4 28.Re1 Re8
29.Qxa7 c5 30.Re3 Qc7 31.Qa4 Re7 32.Qa3 Qd6 33.Qa5 Qxf4 34.Qxc5 Rf7 {#R} 0-1

[Event "It (open)"]
[Site "masterchessopen.com – Bad Wiessee (Germany)"]
[Date "2004.11.01"]
[Round "3"]
[White "Golod Vitali (ISR)"]
[Black "Stoeber Michael (GER)"]
[Result "1-0"]
[WhiteElo "2554"]
[BlackElo "2300"]

1.Nf3 g6 2.d4 Nf6 3.c4 Bg7 4.Nc3 O-O 5.e4 d6 6.Be2 Nbd7 7.O-O e5 8.Re1 c6
9.Bf1 exd4 10.Nxd4 Re8 11.Rb1 d5 12.exd5 Rxe1 13.Qxe1 cxd5 14.Ndb5 a6 15.Nd6
d4 16.Na4 Ng4 17.Bf4 Nf8 18.c5 Ne6 19.Bg3 h5 20.h4 g5 21.hxg5 Qxg5 22.Ne4 Qg6
23.Nb6 Nxc5 24.Nd6 h4 25.Ndxc8 {#r} 1-0

[Event "It (open)"]
[Site "masterchessopen.com – Umag (Croatia)"]
[Date "2005.03.22"]
[Round "2"]
[White "Doric Nenad (CRO)"]
[Black "Grguric Dragan (CRO)"]
[Result "1-0"]
[WhiteElo "2367"]
[BlackElo "2125"]

1.d4 Nf6 2.Nf3 g6 3.c4 Bg7 4.Nc3 O-O 5.e4 d6 6.Be2 Nbd7 7.O-O e5 8.Re1 c6
9.Bf1 exd4 10.Nxd4 Ng4 11.h3 Qb6 12.hxg4 Qxd4 13.g5 Qxd1 14.Rxd1 Ne5 15.Rxd6
Be6 16.f4 Ng4 17.Be2 Rad8 18.Rxd8 Rxd8 19.e5 h6 20.gxh6 Nxh6 21.Be3 b6 22.Rd1
Rxd1+ 23.Nxd1 Nf5 24.Bf2 f6 25.g4 Ne7 26.exf6 Bxf6 27.b3 c5 28.Bf3 Bd7 29.Ne3
Nc6 30.Nd5 Bg7 31.Kg2 Kf7 32.Kg3 Bd4 33.Be1 Bg7 34.Be4 Nd4 35.Bd3 Bc6 36.Bf2
Ne6 37.Bxg6+ {#r} 1-0

[Event "Tournament (Elo) (a)"]
[Site "masterchessopen.com – Budapest (Hungary)"]
[Date "2005.08.09"]
[Round "4"]
[White "Andersen Soren P (DEN)"]
[Black "Szilardfy Gyula (HUN)"]
[Result "0-1"]
[WhiteElo "2130"]
[BlackElo "2092"]

1.d4 Nf6 2.c4 g6 3.Nc3 Bg7 4.e4 d6 5.Nf3 O-O 6.Be2 Nbd7 7.O-O e5 8.Re1 c6
9.Bf1 exd4 10.Nxd4 Re8 11.f3 a5 12.Be3 Nc5 13.Qc2 a4 14.Rad1 Qa5 15.Nde2 Be6
16.Nf4 Rad8 17.Nxe6 Rxe6 18.g3 Nfd7 19.Bh3 Ne5 20.Qe2 Ree8 21.f4 Ned7 22.Rxd6
a3 23.e5 axb2 24.Bxd7 Nxd7 25.Qxb2 Nxe5 26.Rxd8 Nf3+ 27.Kh1 Qxd8 28.Rd1 Qa5
29.Bb6 Qxc3 30.Qxc3 Bxc3 31.Rd3 Bd4 32.Bxd4 Nxd4 33.Rxd4 Re1+ 34.Kg2 Re2+
35.Kh3 Rxa2 36.Rd7 Rb2 37.Rd8+ Kg7 {#R} 0-1

[Event "Tournament \"]
[Site "masterchessopen.com – Suzhou (China)"]
[Date "2006.05.26"]
[Round "11"]
[White "Cheng Xinkai (CHN)"]
[Black "Lin Chen (CHN)"]
[Result "0-1"]
[WhiteElo "2352"]
[BlackElo "2361"]

1.d4 Nf6 2.c4 g6 3.Nc3 Bg7 4.e4 d6 5.Nf3 O-O 6.Be2 e5 7.O-O Nbd7 8.Re1 c6
9.Bf1 exd4 10.Nxd4 Ng4 11.h3 Qb6 12.hxg4 Bxd4 13.Be3 Bxe3 14.Rxe3 Ne5 15.Be2
Be6 16.b3 Rad8 17.Na4 Qa5 18.g5 a6 19.Qe1 Qxe1+ 20.Rxe1 b5 21.Nb2 f6 22.f4 Nd7
23.gxf6 Rxf6 24.g3 g5 25.Rd1 gxf4 26.gxf4 Rxf4 27.Rxd6 Kf7 28.Rg3 Rxe4 29.Bh5+
Ke7 30.Rxc6 Ne5 31.Rc7+ Kf6 32.cxb5 axb5 33.Rc2 Bf5 34.Rf2 Re1+ 35.Kh2 Rd4
36.Bf3 Rh4+ 37.Kg2 Reh1 {#R} 0-1

[Event "Memorial R.Nezhmetdinov"]
[Site "masterchessopen.com – Kazan (Russia)"]
[Date "2006.06.05"]
[Round "5"]
[White "Ayupov Damir (RUS)"]
[Black "Vorobiov Evgeny E (RUS)"]
[Result "0-1"]
[WhiteElo "2403"]
[BlackElo "2555"]

1.d4 Nf6 2.c4 d6 3.Nf3 g6 4.Nc3 Bg7 5.e4 O-O 6.Be2 Nbd7 7.O-O e5 8.Re1 c6
9.Bf1 exd4 10.Nxd4 Re8 11.Nc2 Ne5 12.f3 Be6 13.b3 Nh5 14.Nd4 Qa5 15.Nce2 Nd3
{#R} 0-1

[Event "Tournament (open)"]
[Site "masterchessopen.com – Kemerovo (Russia)"]
[Date "2007.07.24"]
[Round "0"]
[White "Sinkin Boris (RUS)"]
[Black "Riabov Alexander (SVK)"]
[Result "0-1"]
[WhiteElo "1990"]
[BlackElo "2109"]

1.d4 Nf6 2.c4 g6 3.Nc3 Bg7 4.e4 d6 5.Nf3 Nbd7 6.Be2 e5 7.O-O O-O 8.Re1 c6
9.Bf1 exd4 10.Nxd4 Nc5 11.f3 Re8 12.Be3 d5 13.cxd5 cxd5 14.Nc2 b6 15.exd5 Bb7
16.Bb5 Rxe3 17.Nxe3 {#R} 0-1

[Event "Tournament (qual)"]
[Site "masterchessopen.com – Cali (Colombia)"]
[Date "2008.09.09"]
[Round "5"]
[White "Clavijo Jorge (COL)"]
[Black "Arenas David (COL)"]
[Result "1-0"]
[WhiteElo "2358"]
[BlackElo "2323"]

1.d4 Nf6 2.c4 g6 3.Nc3 Bg7 4.e4 d6 5.Nf3 O-O 6.Be2 e5 7.O-O Nbd7 8.Re1 c6
9.Bf1 exd4 10.Nxd4 Ng4 11.Qxg4 Bxd4 12.Be3 Nc5 13.Qd1 Be5 14.Qd2 Re8 15.Rad1
Qf6 16.Bg5 Qh8 17.Bh6 a5 18.f3 a4 19.Rc1 Ne6 20.Be3 Qf6 21.Nd1 h5 {#r} 1-0

[Event "It (open)"]
[Site "masterchessopen.com – Lausanne (Switzerland)"]
[Date "2008.09.21"]
[Round "5"]
[White "Soulas Gilles (FRA)"]
[Black "Feller Sebastien (FRA)"]
[Result "0-1"]
[WhiteElo "2194"]
[BlackElo "2526"]

1.d4 Nf6 2.Nf3 g6 3.c4 Bg7 4.Nc3 O-O 5.e4 d6 6.Be2 Nbd7 7.O-O e5 8.Re1 c6
9.Bf1 exd4 10.Nxd4 Ng4 11.Qxg4 Bxd4 12.Qd1 Qf6 13.Be3 Bxe3 14.Rxe3 Ne5 15.Be2
Rd8 16.b3 Be6 17.Rc1 g5 18.Qd2 Kh8 19.Rf1 Rd7 20.Rg3 Qf4 21.Re3 Rg8 22.Kh1 Qh4
23.Rg3 Rg6 24.Kg1 g4 25.Qf4 Rf6 26.Qe3 Rh6 27.h3 gxh3 28.f4 hxg2 29.Rxg2 Bh3
30.Qg3 Qxg3 31.Rxg3 Bxf1 32.Kxf1 Rf6 {#R} 0-1

[Event "It \"]
[Site "masterchessopen.com – Peterhof (Russia)"]
[Date "2009.08.05"]
[Round "3"]
[White "Koryakin Evgeniy (RUS)"]
[Black "Kazakevich Grigoriy (RUS)"]
[Result "1-0"]
[WhiteElo "2369"]
[BlackElo "2148"]

1.Nf3 d6 2.d4 g6 3.c4 Bg7 4.Nc3 Nf6 5.e4 O-O 6.Be2 e5 7.O-O Nbd7 8.Re1 c6
9.Bf1 exd4 10.Nxd4 Re8 11.Bf4 Nc5 12.f3 Nh5 13.Be3 Be5 14.Qd2 Qf6 15.g3 Ne6
16.Nxe6 Qxe6 17.Rad1 Nf6 18.Bd4 Qe7 19.Bf2 Be6 20.b3 Qc7 21.f4 Bxc3 22.Qxc3
Nd7 23.Bg2 f5 24.Be3 fxe4 25.Bc1 Kf7 26.Bb2 Rg8 27.Bxe4 Raf8 28.Re3 Bg4
29.Rde1 Qd8 30.Qd3 Nf6 31.f5 d5 32.fxg6+ hxg6 33.Bxg6+ Rxg6 34.Re7+ Qxe7
35.Rxe7+ Kxe7 36.Qxg6 Be6 37.Qg7+ Rf7 38.Bxf6+ {#r} 1-0

[Event "It"]
[Site "masterchessopen.com – Krakow (Poland)"]
[Date "2010.04.29"]
[Round "5"]
[White "Podolchenko Evgeniy (BLR)"]
[Black "Mikrut Dariusz (POL)"]
[Result "1-0"]
[WhiteElo "2506"]
[BlackElo "2372"]

1.d4 Nf6 2.c4 g6 3.Nc3 Bg7 4.e4 d6 5.Nf3 O-O 6.Be2 Nbd7 7.O-O e5 8.Re1 c6
9.Bf1 exd4 10.Nxd4 Re8 11.Bf4 Ne5 12.f3 Nh5 13.Be3 f5 14.exf5 gxf5 15.Qd2 Qf6
16.Rad1 f4 17.Bf2 Qg6 18.Bd3 Qh6 19.b3 Bd7 20.Be4 Kh8 21.Nde2 Re6 22.g4 fxg3
23.hxg3 Rf8 24.Kg2 Qxd2 25.Rxd2 Nf6 26.Nf4 Re7 27.Rxd6 Ne8 28.Rdd1 {#r} 1-0

[Event "It (open)"]
[Site "masterchessopen.com – Kavala (Greece)"]
[Date "2010.08.02"]
[Round "4"]
[White "Antic Dejan (SRB)"]
[Black "Vorobiov Evgeny E (RUS)"]
[Result "0-1"]
[WhiteElo "2484"]
[BlackElo "2565"]

1.d4 Nf6 2.c4 g6 3.Nc3 Bg7 4.e4 d6 5.Nf3 O-O 6.Be2 e5 7.O-O Nbd7 8.Re1 c6
9.Bf1 exd4 10.Nxd4 Re8 11.Bf4 Ne5 12.Qd2 Nh5 13.Bg5 Qb6 14.Rad1 Bg4 15.Be2
Nxc4 16.Bxc4 Bxd1 17.Rxd1 Qc5 18.Be2 Bxd4 19.Bxh5 gxh5 20.Qxd4 Qxg5 21.g3 Qe5
22.Qxd6 Qxd6 23.Rxd6 Rad8 24.Rh6 Re5 25.Rf6 Rd2 26.b3 Rc5 27.Rf3 Rc2 28.Na4
Rc1+ 29.Kg2 R5c2 30.b4 b6 {#R} 0-1

[Event "It"]
[Site "masterchessopen.com – Anapa (Russia)"]
[Date "2010.09.04"]
[Round "5"]
[White "Magomedov Murad (RUS)"]
[Black "Zhitnikov Sergey (ISR)"]
[Result "0-1"]
[WhiteElo "2350"]
[BlackElo "2345"]

1.d4 Nf6 2.c4 g6 3.Nc3 Bg7 4.e4 d6 5.Nf3 O-O 6.Be2 Nbd7 7.O-O e5 8.Re1 c6
9.Bf1 exd4 10.Nxd4 Re8 11.Bf4 Nc5 12.f3 Qb6 13.Bxd6 Rd8 14.e5 Ne8 15.Kh1 Nxd6
16.exd6 Qxb2 17.Rc1 Rxd6 18.Re8+ Bf8 19.Qe1 Rxd4 20.Rb1 Qd2 21.Qe7 Ne6 22.Ne4
Rxe4 23.fxe4 Kg7 {#R} 0-1

[Event "Olympiad"]
[Site "masterchessopen.com – Khanty Mansyisk (Russia)"]
[Date "2010.09.23"]
[Round "3"]
[White "Iturrizaga Eduardo (VEN)"]
[Black "Lorenzana Wilson Estuardo (GUA)"]
[Result "1-0"]
[WhiteElo "2609"]
[BlackElo "2206"]

1.Nf3 Nf6 2.c4 g6 3.Nc3 Bg7 4.e4 d6 5.d4 O-O 6.Be2 Nbd7 7.O-O e5 8.Re1 c6
9.Bf1 exd4 10.Nxd4 Re8 11.Bg5 a5 12.Qd2 a4 13.Rad1 Qa5 14.f3 Nh5 15.Be3 Nhf6
16.Nc2 Bf8 17.b4 axb3 18.axb3 Qc7 19.Qf2 Qb8 20.Kh1 Bg7 21.Qd2 Bf8 22.Bf4 Ne5
23.h3 Nh5 24.Bh2 f5 25.exf5 Bxf5 26.Nd4 Ng7 27.Nxf5 gxf5 28.c5 Nf7 29.Bc4 Qd8
30.Rxe8 Qxe8 31.cxd6 Qd8 32.Na4 b5 33.Bxf7+ Kxf7 34.Nc5 Qf6 35.Nd7 Qd8 36.Ne5+
{#r} 1-0

[Event "It (cat.10)"]
[Site "masterchessopen.com – Condom (France)"]
[Round "5"]
[White "Grigore George-Gabriel (ROM)"]
[Black "Lagarde Maxime (FRA)"]
[Result "0-1"]
[WhiteElo "2476"]
[BlackElo "2452"]

1.d4 Nf6 2.c4 g6 3.Nc3 Bg7 4.e4 d6 5.Nf3 O-O 6.Be2 Nbd7 7.O-O e5 8.Re1 c6
9.Bf1 exd4 10.Nxd4 Re8 11.Bf4 Ne5 12.Qd2 Nh5 13.Bg5 Qb6 14.Rad1 Bg4 15.Be2
Nxc4 16.Bxc4 Bxd1 17.Nf5 gxf5 18.Qxd1 Qd4 19.Bxf7+ Kxf7 20.Qxh5+ Kg8 21.Be3
Qf6 22.exf5 d5 23.Bd2 Rxe1+ 24.Bxe1 Rf8 25.g4 Qd4 26.Kg2 Qe5 27.Kf1 d4 {#R}
0-1

[Event "Cup Spice (cat.17)"]
[Site "masterchessopen.com – Lubbock (USA)"]
[Date "2011.10.19"]
[Round "5"]
[White "Meier Georg (GER)"]
[Black "Feller Sebastien (FRA)"]
[Result "1-0"]
[WhiteElo "2648"]
[BlackElo "2668"]

1.Nf3 Nf6 2.c4 g6 3.Nc3 Bg7 4.e4 d6 5.d4 O-O 6.Be2 e5 7.O-O Nbd7 8.Re1 c6
9.Bf1 exd4 10.Nxd4 Re8 11.Bf4 Nc5 12.Qc2 Ng4 13.Qd2 Ne5 14.Rad1 Qb6 15.h3 a5
16.Be3 Ned7 17.Qc2 a4 18.f4 Qb4 19.Bf2 Nb6 20.a3 Qa5 21.g4 Bd7 22.f5 Rad8
23.Bh4 Rc8 24.Bf2 Rcd8 25.Bh4 Rc8 26.Nf3 Nb3 27.Qf2 Bf8 28.Kh1 Qc5 29.e5 d5
30.Qc2 Nxc4 31.Nxa4 Qb5 32.Bxc4 dxc4 33.Nc3 Bxf5 34.gxf5 Qa5 35.Ne4 Be7
36.Qxc4 Bxh4 37.Nxh4 {#r} 1-0

[Event "It (open)"]
[Site "masterchessopen.com – Tatranske Zruby (Slovakia)"]
[Date "2012.09.27"]
[Round "6"]
[White "Michalicka Milan (SVK)"]
[Black "Bezuch Martin (SVK)"]
[Result "0-1"]
[WhiteElo "2170"]
[BlackElo "2291"]

1.d4 d6 2.Nf3 Nd7 3.c4 g6 4.Nc3 Bg7 5.e4 e5 6.Be2 Ngf6 7.O-O O-O 8.Re1 c6
9.Bf1 exd4 10.Nxd4 Nc5 11.b4 Ng4 12.Bf4 Qf6 13.Nde2 Nxf2 14.Kxf2 Ne6 15.e5
dxe5 16.Ne4 Qf5 17.N4g3 Qf6 18.Ne4 Qh4+ 19.g3 Qh5 20.Bxe5 Bxe5 21.N2c3 Qxh2+
22.Bg2 Bd4+ 23.Kf3 Qh5+ 24.g4 Ng5+ 25.Kf4 Qh2+ {#R} 0-1